Basic Question Words in Spanish - Statistics

General Stats
  • This quiz has been taken 21,729 times
    21,728 since last reset
  • The average score is 8 of 9
Answer Stats
Español English % Correct
¿Qué? What?
100%
¿Cómo? How?
98%
¿Dónde? Where?
98%
¿Por qué? Why?
96%
¿Cuándo? When?
95%
¿Quién? Who?
92%
¿A qué hora? What time?
90%
¿Cuántos? How many?
83%
¿Cuánto cuesta? How much does it cost?
83%
No matching quizzes found
Score Distribution
Percent of People with Each Score
Percentile by Number Answered
Your Score History
You have not taken this quiz since the last reset